| 000 | 00504nam a22001697a 4500 | ||
|---|---|---|---|
| 999 |
_c40752 _d40752 |
||
| 003 | OSt | ||
| 005 | 20200606120145.0 | ||
| 008 | 191101b ||||| |||| 00| 0 eng d | ||
| 020 | _a9788192586861 | ||
| 040 | _cMESKC library | ||
| 082 |
_a158.1 _bSIN/A |
||
| 100 |
_aSingh, Gopalji _933 |
||
| 245 |
_aAapki Smaran Shakthi / _cGopalji Singh; Amith Kumar Singh |
||
| 260 |
_aDelhi : _bPrachi Communications; _c2013 |
||
| 300 | _a160p | ||
| 942 |
_2ddc _cBK _h158.1 _iSIN/A _k158.1 _mSIN/A |
||